00610nam a2200217Ia 4500008004100000020001800041050001700059050001400076100002300090245002900113245002300142260001700165260002500182260000900207300001600216300002000232300001100252500005100263650005000314650002800364160319s9999 xx 000 0 und d a971-08-2169-5 aFIL LB 1051  b.L87 2004 aLupdag, Anselmo D. aEducational psychology / cAnselmo D. Lupdag. aMandaluyong: bNational Book Store, c2004 a264 pages : billustrations ; c22 cm. aIncludes bibliographical references and index. aEducational psychology -- Study and teaching. xEducational psychology.